000 00438nam a2200157Ia 4500
008 240729s9999 xx 000 0 und d
022 _a2503-2178
245 0 _aJournal of Biomedicine and Translational Research
260 _aIndonesia
260 _bDiponegoro University
650 _a Medicine (General)
650 _aMedicine
856 _uhttps://doaj.org/toc/0796d341f98c4ddc81a57528a1c60bcf
942 _2ddc
942 _cDOAJEJ
999 _c71150
_d71150
945 _a1
_bMadushi Gamage
_c1
_dMadushi Gamage